| 000 | 00381cam a2200157ua 4500 | ||
|---|---|---|---|
| 003 | OSt | ||
| 008 | 250823b |||||||| |||| 00| 0 eng d | ||
| 041 | _aeng | ||
| 082 |
_a628 _bDES/TE |
||
| 100 | _aDeshpande, R S . | ||
| 245 | _aText book of Sanitary Engineering / | ||
| 250 | _a4 / | ||
| 260 |
_aPoona : _bUnited Book Corporation , _c1963. |
||
| 300 | _a456 ; . | ||
| 942 | _cBK | ||
| 999 |
_c2864 _d2864 |
||